[Event "35. Torneo Internacional La Roda "]
[Site "La Roda ESP"]
[Date "2008.03.20"]
[Round "2.9"]
[White "Picazo Lopez, Juan Antonio"]
[Black "Corrales Jimenez, Fidel"]
[Result "0-1"]
[WhiteElo "2202"]
[BlackElo "2509"]
[PlyCount "52"]
[EventDate "2008.03.19"]
[EventType "swiss"]
[EventRounds "9"]
[EventCountry "ESP"]
[Source "lmi"]
[SourceDate "2008.03.19"]

1. d4 Nf6 2. c4 e6 3. Nc3 Bb4 4. e3 b6 5. Nge2 Bb7 6. a3 Be7 7. Ng3 h5 8. f3 h4
9. Nge4 d5 10. cxd5 exd5 11. Ng5 c5 12. Nh3 O-O 13. Bd3 Nc6 14. Ne2 Bd6 15. g3
Qd7 16. Nf2 Rae8 17. Kf1 Re7 18. g4 Rfe8 19. g5 Nh5 20. Ng4 Nxd4 21. exd4 c4
22. Nf6+ gxf6 23. gxf6 cxd3 24. fxe7 dxe2+ 25. Qxe2 Rxe7 26. Qg2+ Ng3+ 0-1

[Event "35. Torneo Internacional La Roda "]
[Site "La Roda ESP"]
[Date "2008.03.20"]
[Round "2.10"]
[White "Almeida Quintana, Omar"]
[Black "Cori T, Deysi"]
[Result "1-0"]
[WhiteElo "2500"]
[BlackElo "2201"]
[PlyCount "63"]
[EventDate "2008.03.19"]
[EventType "swiss"]
[EventRounds "9"]
[EventCountry "ESP"]
[Source "lmi"]
[SourceDate "2008.03.19"]

1. d4 Nf6 2. Nf3 e6 3. c4 b6 4. a3 Bb7 5. Nc3 Ne4 6. Bd2 Be7 7. d5 Nxc3 8. Bxc3
Bf6 9. Rc1 O-O 10. g3 Bxc3+ 11. Rxc3 d6 12. Bg2 Nd7 13. O-O a5 14. b3 Nc5 15.
Nd2 Qf6 16. Qc2 Rfe8 17. e3 b5 18. cxb5 exd5 19. Nf3 c6 20. b4 axb4 21. axb4
Ne4 22. Rxc6 Bxc6 23. bxc6 Ra3 24. Nd4 Rc3 25. Qa2 Qg5 26. b5 Rxe3 27. b6 Rc3
28. b7 Qe5 29. Qa7 Nd2 30. b8=Q Nxf1 31. Bxf1 h5 32. c7 1-0

[Event "35. Torneo Internacional La Roda "]
[Site "La Roda ESP"]
[Date "2008.03.20"]
[Round "2.11"]
[White "Ibarra Jerez, Jose Carlos"]
[Black "Llavador Moron, Juan Jose"]
[Result "1-0"]
[WhiteElo "2493"]
[BlackElo "2195"]
[PlyCount "89"]
[EventDate "2008.03.19"]
[EventType "swiss"]
[EventRounds "9"]
[EventCountry "ESP"]
[Source "lmi"]
[SourceDate "2008.03.19"]

1. e4 e6 2. d4 d5 3. Nc3 Bb4 4. e5 c5 5. Bd2 Ne7 6. dxc5 O-O 7. Qh5 Nbc6 8. Nf3
Ng6 9. Bd3 Nce7 10. Qg4 Bxc5 11. Na4 Bb6 12. Nxb6 Qxb6 13. O-O f5 14. Qa4 Qc7
15. Bb4 Bd7 16. Qa3 Rfe8 17. Bd6 Qd8 18. c4 Nf4 19. cxd5 Nexd5 20. Bc4 b5 21.
Bxd5 Nxd5 22. Nd4 Qh4 23. Rfd1 a5 24. Qf3 g6 25. Nb3 Rac8 26. Rd4 Qd8 27. Nc5
Bc6 28. Qg3 Qb6 29. Rc1 Nb4 30. a3 Na6 31. b4 axb4 32. axb4 Nxc5 33. Bxc5 Qb7
34. h4 Bd5 35. h5 Rc7 36. Ra1 Ra8 37. Rxa8+ Qxa8 38. Rd3 Rg7 39. Ra3 Qc6 40.
Qg5 Qc8 41. h6 Rc7 42. Kh2 Rb7 43. Ra6 Rd7 44. Rd6 Rxd6 45. Bxd6 1-0

[Event "35. Torneo Internacional La Roda "]
[Site "La Roda ESP"]
[Date "2008.03.20"]
[Round "2.12"]
[White "Jimenez Martinez, Jose Vicente"]
[Black "Sanchez, Joseph"]
[Result "0-1"]
[WhiteElo "2200"]
[BlackElo "2492"]
[PlyCount "52"]
[EventDate "2008.03.19"]
[EventType "swiss"]
[EventRounds "9"]
[EventCountry "ESP"]
[Source "lmi"]
[SourceDate "2008.03.19"]

1. d4 Nf6 2. c4 c6 3. Nf3 d5 4. Nc3 dxc4 5. a4 Bf5 6. e3 e6 7. Bxc4 Nbd7 8. O-O
Bb4 9. Qb3 Qb6 10. h3 O-O 11. Nh4 c5 12. Nxf5 exf5 13. Rd1 Rac8 14. d5 Ne5 15.
Be2 Rfd8 16. Qc2 Bxc3 17. Qxc3 Qd6 18. Qc2 Ne4 19. b3 Ng6 20. Bb2 Nh4 21. Bf1
Qg6 22. g3 Re8 23. Kh1 f4 24. Bd3 fxg3 25. fxg3 Nxg3+ 26. Kh2 Ne4 0-1

[Event "35. Torneo Internacional La Roda "]
[Site "La Roda ESP"]
[Date "2008.03.20"]
[Round "2.13"]
[White "Cabrera, Alexis"]
[Black "Pardo Simon, David"]
[Result "1-0"]
[WhiteElo "2491"]
[BlackElo "2183"]
[PlyCount "31"]
[EventDate "2008.03.19"]
[EventType "swiss"]
[EventRounds "9"]
[EventCountry "ESP"]
[Source "lmi"]
[SourceDate "2008.03.19"]

1. e4 e5 2. Nf3 Nf6 3. d4 Nxe4 4. Bd3 d5 5. dxe5 Nc5 6. Nc3 Nxd3+ 7. Qxd3 c6 8.
O-O Be7 9. Nd4 Na6 10. Qg3 Rg8 11. f4 c5 12. Ndb5 Nb4 13. f5 Nxc2 14. f6 Nxa1
15. fxe7 Qxe7 16. Nxd5 1-0

[Event "35. Torneo Internacional La Roda "]
[Site "La Roda ESP"]
[Date "2008.03.20"]
[Round "2.14"]
[White "Tudela Corbalan, Carlos"]
[Black "Suba, Mihai"]
[Result "0-1"]
[WhiteElo "2194"]
[BlackElo "2485"]
[PlyCount "54"]
[EventDate "2008.03.19"]
[EventType "swiss"]
[EventRounds "9"]
[EventCountry "ESP"]
[Source "lmi"]
[SourceDate "2008.03.19"]

1. e4 Nf6 2. Nc3 d5 3. e5 Nfd7 4. d4 c5 5. Be3 cxd4 6. Bxd4 e6 7. Qg4 Nc6 8.
Nf3 Nxd4 9. Qxd4 Bc5 10. Qg4 O-O 11. Bd3 f5 12. Qf4 Qb6 13. O-O a6 14. Rab1 Qc7
15. a4 Ba7 16. Rfe1 Nc5 17. Ne2 Ne4 18. Rf1 Bd7 19. c4 dxc4 20. Bxe4 fxe4 21.
Qxe4 Bc6 22. Qxc4 Rxf3 23. gxf3 Qxe5 24. Ng3 Qf6 25. Rbe1 Qxf3 26. Qxe6+ Kh8
27. Re4 Rf8 0-1

[Event "35. Torneo Internacional La Roda "]
[Site "La Roda ESP"]
[Date "2008.03.20"]
[Round "2.15"]
[White "Herraiz Hidalgo, Herminio"]
[Black "Perez De Aranda, Leonardo I"]
[Result "1-0"]
[WhiteElo "2485"]
[BlackElo "2176"]
[PlyCount "77"]
[EventDate "2008.03.19"]
[EventType "swiss"]
[EventRounds "9"]
[EventCountry "ESP"]
[Source "lmi"]
[SourceDate "2008.03.19"]

1. d4 c6 2. Nf3 f5 3. g3 Nf6 4. c4 g6 5. Bg2 Bg7 6. O-O O-O 7. b4 a5 8. b5 d5
9. cxd5 cxb5 10. Ne5 Ne4 11. Qd3 Nd7 12. Bb2 b4 13. a3 bxa3 14. Nxa3 Ndf6 15.
f3 Nd6 16. e4 b5 17. Nc6 Qd7 18. e5 Nxd5 19. exd6 Qxc6 20. dxe7 Nxe7 21. f4 Nd5
22. Rfc1 Qe6 23. Nxb5 Rb8 24. Ra3 Bd7 25. Kh1 Nf6 26. Nc7 Qb6 27. Ra2 Rfc8 28.
Qc4+ Kh8 29. d5 Ne4 30. Bxg7+ Kxg7 31. h3 Nf2+ 32. Kh2 Qe3 33. Re2 Rxc7 34.
Rxe3 Rxc4 35. Rxc4 Kf6 36. Rc2 Ne4 37. Bxe4 fxe4 38. Rxe4 Bf5 39. Rc6+ 1-0

[Event "35. Torneo Internacional La Roda "]
[Site "La Roda ESP"]
[Date "2008.03.20"]
[Round "2.16"]
[White "Garcia Moreno, Carlos"]
[Black "Roa Alonso, Santiago"]
[Result "1/2-1/2"]
[WhiteElo "2182"]
[BlackElo "2474"]
[PlyCount "89"]
[EventDate "2008.03.19"]
[EventType "swiss"]
[EventRounds "9"]
[EventCountry "ESP"]
[Source "lmi"]
[SourceDate "2008.03.19"]

1. e4 e5 2. Nf3 Nc6 3. Bc4 Bc5 4. c3 Nf6 5. d3 a6 6. Bb3 Ba7 7. O-O d6 8. Nbd2
O-O 9. Nc4 h6 10. Be3 Be6 11. Bxa7 Rxa7 12. Re1 Ra8 13. d4 exd4 14. Nxd4 Bg4
15. f3 Bd7 16. Nxc6 Bxc6 17. Na5 Bd7 18. e5 Nh5 19. Qd2 b6 20. Nc4 b5 21. Na3
dxe5 22. Rxe5 Nf6 23. Nc2 Re8 24. Rae1 Rxe5 25. Rxe5 Qf8 26. Qe3 Re8 27. Rxe8
Bxe8 28. Nb4 Qd6 29. Nd3 Bc6 30. Qd4 Bd5 31. Bxd5 Nxd5 32. Kf2 a5 33. g3 Qe6
34. Qe5 Qb6+ 35. Qd4 Qxd4+ 36. cxd4 Kf8 37. Ne5 Ke8 38. Ke2 f6 39. Nd3 Ke7 40.
a3 Nb6 41. b3 Kd6 42. Nc5 Kd5 43. Kd3 f5 44. Na6 Kc6 45. Nc5 1/2-1/2

[Event "35. Torneo Internacional La Roda "]
[Site "La Roda ESP"]
[Date "2008.03.20"]
[Round "2.17"]
[White "Larino Nieto, David"]
[Black "Sanchez Barbado, Carlos"]
[Result "1-0"]
[WhiteElo "2439"]
[BlackElo "2163"]
[PlyCount "91"]
[EventDate "2008.03.19"]
[EventType "swiss"]
[EventRounds "9"]
[EventCountry "ESP"]
[Source "lmi"]
[SourceDate "2008.03.19"]

1. e4 c5 2. Ne2 e6 3. Nbc3 Nc6 4. d3 d5 5. exd5 exd5 6. d4 Nf6 7. Bg5 cxd4 8.
Nxd4 Be7 9. Be2 O-O 10. O-O Re8 11. Bf3 Ne5 12. Re1 Nxf3+ 13. Qxf3 Bg4 14. Qg3
Qd7 15. h3 Be6 16. Rad1 Rac8 17. Qe3 Bd8 18. Nxe6 Rxe6 19. Qxa7 Bb6 20. Qa4
Bxf2+ 21. Kxf2 Rxc3 22. Qxd7 Rxc2+ 23. Kf1 Nxd7 24. Rxd5 Nf8 25. Rd8 Rxe1+ 26.
Kxe1 f6 27. Bf4 Kf7 28. Bd6 Ng6 29. Ba3 Ne5 30. Rb8 Rxg2 31. Kf1 Rc2 32. Rxb7+
Kg6 33. Bf8 Nf7 34. a4 Rc8 35. Bb4 Nd8 36. Rb6 Rc1+ 37. Ke2 Rh1 38. Bc3 Kf5 39.
a5 Ne6 40. a6 Nf4+ 41. Kd2 Ra1 42. Rb5+ Ke4 43. Ra5 Rh1 44. Ra4+ Kf3 45. a7
Rh2+ 46. Kd1 1-0

[Event "35. Torneo Internacional La Roda "]
[Site "La Roda ESP"]
[Date "2008.03.20"]
[Round "2.19"]
[White "Perez Rodriguez, Luis Manuel"]
[Black "Guadamuro Torrente, Anabel"]
[Result "1-0"]
[WhiteElo "2432"]
[BlackElo "2156"]
[PlyCount "73"]
[EventDate "2008.03.19"]
[EventType "swiss"]
[EventRounds "9"]
[EventCountry "ESP"]
[Source "lmi"]
[SourceDate "2008.03.19"]

1. d4 d5 2. c4 e6 3. Nf3 c6 4. e3 Nf6 5. Bd3 Nbd7 6. Nbd2 Bd6 7. O-O O-O 8. e4
dxe4 9. Nxe4 Nxe4 10. Bxe4 f5 11. Bc2 e5 12. Bg5 Be7 13. Bxe7 Qxe7 14. Nxe5
Nxe5 15. Re1 Rd8 16. Rxe5 Qxe5 17. dxe5 Rxd1+ 18. Rxd1 Be6 19. c5 Kf7 20. f4 g6
21. Kf2 Bd5 22. h3 Ke6 23. g4 Rf8 24. gxf5+ gxf5 25. Rg1 Rf7 26. Ke3 b6 27.
cxb6 axb6 28. a3 b5 29. Rg8 c5 30. Rd8 Bg2 31. h4 Bh3 32. Rd6+ Ke7 33. Rc6 c4
34. Kd4 Rf8 35. Rc7+ Ke6 36. Rxh7 Rd8+ 37. Kc3 1-0

[Event "35. Torneo Internacional La Roda "]
[Site "La Roda ESP"]
[Date "2008.03.20"]
[Round "2.20"]
[White "Aranaz Portugues, Jose Carlos"]
[Black "Dolezal, Cristian"]
[Result "0-1"]
[WhiteElo "2156"]
[BlackElo "2425"]
[PlyCount "150"]
[EventDate "2008.03.19"]
[EventType "swiss"]
[EventRounds "9"]
[EventCountry "ESP"]
[Source "lmi"]
[SourceDate "2008.03.19"]

1. d4 g6 2. c4 Bg7 3. e4 c5 4. d5 d6 5. Nc3 Bxc3+ 6. bxc3 Qa5 7. Qc2 f5 8. exf5
Bxf5 9. Bd3 Nd7 10. Nf3 O-O-O 11. O-O Bxd3 12. Qxd3 Qa4 13. Ng5 Rf8 14. Ne6 Rf5
15. Ng7 Rf7 16. Ne6 Ngf6 17. Ng5 Rff8 18. Ne6 Re8 19. Bf4 Nb6 20. Qh3 Nfd7 21.
Rfe1 Qxc4 22. a4 Nxd5 23. Bh6 Kb8 24. a5 Rc8 25. a6 bxa6 26. Bg7 Rhe8 27. Qf3
N5b6 28. Re4 Qd5 29. Qe2 Qb7 30. Rxa6 Nf6 31. Rh4 h5 32. Ra2 Rg8 33. Rh3 Qe4
34. Qxe4 Nxe4 35. Re3 d5 36. Be5+ Kb7 37. f3 Nd6 38. Bf4 Ndc4 39. Re1 Rc6 40.
Bg5 Nc8 41. Rb1+ N4b6 42. Re2 a6 43. Bh4 Ka7 44. Bf2 Na4 45. Rb3 Ncb6 46. Nxc5
Nxc5 47. Bxc5 Rb8 48. Rxe7+ Rb7 49. Rxb7+ Kxb7 50. Bd4 a5 51. Kf2 Ka6 52. Ke3
Nc4+ 53. Kd3 Rc8 54. Rb1 a4 55. Bf2 a3 56. Kd4 Nd2 57. Rb4 Rc4+ 58. Kxd5 Rxb4
59. cxb4 Nb3 60. Be1 Kb5 61. g4 Nc1 62. gxh5 Ne2 63. Bh4 Nc3+ 64. Ke6 a2 65.
hxg6 a1=Q 66. g7 Qa2+ 67. Kf6 Qg8 68. Bg5 Nd5+ 69. Kg6 Kc6 70. h4 Kd6 71. h5
Qe8+ 72. Kh6 Ke6 73. b5 Kf7 74. Bc1 Nf6 75. Bg5 Qg8 0-1

[Event "35. Torneo Internacional La Roda "]
[Site "La Roda ESP"]
[Date "2008.03.20"]
[Round "3.1"]
[White "Granda Zuniga, Julio E"]
[Black "Martinez Martin, David"]
[Result "1-0"]
[WhiteElo "2588"]
[BlackElo "2395"]
[PlyCount "81"]
[EventDate "2008.03.19"]
[EventType "swiss"]
[EventRounds "9"]
[EventCountry "ESP"]
[Source "lmi"]
[SourceDate "2008.03.19"]

1. f4 e5 2. fxe5 d6 3. Nf3 dxe5 4. e4 Nc6 5. Bb5 Bc5 6. d3 Bg4 7. h3 Bh5 8. g4
Bg6 9. Qe2 Nge7 10. Nxe5 O-O 11. Bxc6 Nxc6 12. Nxc6 Qh4+ 13. Kd1 bxc6 14. Be3
Bxe3 15. Qxe3 Rab8 16. Kc1 h5 17. Rg1 hxg4 18. hxg4 Rb5 19. Nc3 Rg5 20. b3 Rxg4
21. Rxg4 Qxg4 22. Kb2 Ra8 23. Rg1 Qe6 24. Rg5 Qd6 25. Ne2 Bh7 26. Qg1 Qh6 27.
Kb1 Kh8 28. Nf4 g6 29. e5 Re8 30. Qg3 Rg8 31. Nh3 Re8 32. Nf2 Re6 33. Ne4 Kg7
34. Kb2 Bg8 35. Nf6 Qh1 36. Rh5 Qf1 37. Qg5 Rxe5 38. Qh6+ Kxf6 39. Qh8+ Ke7 40.
Rxe5+ Kf8 41. Qh6# 1-0

[Event "35. Torneo Internacional La Roda "]
[Site "La Roda ESP"]
[Date "2008.03.20"]
[Round "3.2"]
[White "Kolev, Atanas"]
[Black "Vehi Bach, Victor M"]
[Result "0-1"]
[WhiteElo "2572"]
[BlackElo "2373"]
[PlyCount "114"]
[EventDate "2008.03.19"]
[EventType "swiss"]
[EventRounds "9"]
[EventCountry "ESP"]
[Source "lmi"]
[SourceDate "2008.03.19"]

1. e4 c5 2. Nf3 e6 3. d4 cxd4 4. Nxd4 Nc6 5. Nc3 Qc7 6. Be2 a6 7. O-O Nf6 8.
Be3 Be7 9. f4 d6 10. a4 O-O 11. Kh1 Re8 12. Bd3 Nb4 13. a5 Bd7 14. Qf3 Rac8 15.
Qg3 Nxd3 16. cxd3 Bc6 17. Nf3 Bf8 18. Bd4 Nd7 19. f5 e5 20. Be3 Be7 21. Nd2 Nf6
22. Bh6 Bf8 23. Nc4 Kh8 24. Bg5 Be7 25. Nb6 Rb8 26. Rf3 Nh5 27. Qh4 Bxg5 28.
Qxh5 f6 29. Rh3 Bh6 30. Rg1 Kg8 31. Qg4 Bg5 32. Rh5 Qf7 33. Nc4 Rbd8 34. h4 g6
35. Rxg5 fxg5 36. Qxg5 d5 37. Nxe5 Rxe5 38. Qxd8+ Re8 39. Qg5 dxe4 40. dxe4
Bxe4 41. f6 Bc6 42. Rf1 Rf8 43. Kh2 Qe6 44. h5 Kf7 45. Rf4 Rg8 46. Qh6 gxh5 47.
Qxh7+ Kf8 48. Qh6+ Kf7 49. Qxh5+ Kf8 50. g4 Qd6 51. Qh6+ Kf7 52. Qh7+ Kf8 53.
Kg3 Bd7 54. Kh4 Rxg4+ 55. Kh5 Qe5+ 56. Rf5 Qh2+ 57. Kxg4 Qxh7 0-1

[Event "35. Torneo Internacional La Roda "]
[Site "La Roda ESP"]
[Date "2008.03.20"]
[Round "3.3"]
[White "Ivanov, Jordan"]
[Black "Ubilava, Elizbar"]
[Result "1-0"]
[WhiteElo "2371"]
[BlackElo "2544"]
[PlyCount "113"]
[EventDate "2008.03.19"]
[EventType "swiss"]
[EventRounds "9"]
[EventCountry "ESP"]
[Source "lmi"]
[SourceDate "2008.03.19"]

1. d4 Nf6 2. c4 d6 3. Nc3 g6 4. e4 Bg7 5. h3 O-O 6. Nf3 Na6 7. Be3 e5 8. d5 Nc5
9. Nd2 a5 10. Be2 c6 11. a3 Ne8 12. b4 axb4 13. axb4 Rxa1 14. Qxa1 Na6 15. Qa3
f5 16. dxc6 bxc6 17. b5 f4 18. Ba7 Rf7 19. b6 Nf6 20. Nb3 c5 21. O-O Nb4 22.
Rd1 Qf8 23. Na5 Nc2 24. Qb2 Nd4 25. b7 Bxb7 26. Nxb7 Qa8 27. Nxd6 Rxa7 28. Ndb5
Nxe4 29. Bf3 Nxc3 30. Bxa8 Nce2+ 31. Kf1 Rxa8 32. Nxd4 Nxd4 33. Qb7 Rf8 34. Ra1
h5 35. Ra7 Nf5 36. Qd5+ Kh8 37. Qe6 Rf6 38. Qxe5 Rb6 39. Qxc5 Rb1+ 40. Ke2 Nd4+
41. Kd3 Rd1+ 42. Ke4 Re1+ 43. Kd5 Nf5 44. Qc8+ Kh7 45. Qc7 Rd1+ 46. Kc5 Kh8 47.
Qb8+ Kh7 48. Qxf4 Kg8 49. Rxg7+ Kxg7 50. g4 hxg4 51. hxg4 Ne7 52. Qe5+ Kf7 53.
f4 Rg1 54. Kd6 Rd1+ 55. Kc7 Rg1 56. f5 Rxg4 57. Qe6+ 1-0

[Event "35. Torneo Internacional La Roda "]
[Site "La Roda ESP"]
[Date "2008.03.20"]
[Round "3.4"]
[White "Macak, Stefan"]
[Black "Movsziszian, Karen"]
[Result "1-0"]
[WhiteElo "2361"]
[BlackElo "2527"]
[PlyCount "44"]
[EventDate "2008.03.19"]
[EventType "swiss"]
[EventRounds "9"]
[EventCountry "ESP"]
[Source "lmi"]
[SourceDate "2008.03.19"]

1. e4 g6 2. d4 Bg7 3. Nc3 c6 4. h3 d6 5. Be3 Nd7 6. f4 e5 7. Nf3 Qe7 8. Qd2
Ngf6 9. O-O-O O-O 10. fxe5 dxe5 11. d5 cxd5 12. exd5 a6 13. d6 Qd8 14. Bc4 b5
15. Bb3 Bb7 16. Rhf1 Rc8 17. Ng5 h6 18. Nxf7 Rxf7 19. Bxf7+ Kxf7 20. Nd5 Rc4
21. b3 Re4 22. Ne7 g5 1-0

[Event "35. Torneo Internacional La Roda "]
[Site "La Roda ESP"]
[Date "2008.03.20"]
[Round "3.5"]
[White "Paunovic, Dragan"]
[Black "Cori, Jorge"]
[Result "1-0"]
[WhiteElo "2522"]
[BlackElo "2346"]
[PlyCount "121"]
[EventDate "2008.03.19"]
[EventType "swiss"]
[EventRounds "9"]
[EventCountry "ESP"]
[Source "lmi"]
[SourceDate "2008.03.19"]

1. Nf3 Nf6 2. g3 g6 3. Bg2 Bg7 4. O-O O-O 5. c4 d6 6. d4 Nbd7 7. Qc2 e5 8. Rd1
Re8 9. e4 c6 10. Nc3 Qc7 11. h3 Nf8 12. Be3 Be6 13. d5 cxd5 14. cxd5 Bd7 15.
Rac1 b5 16. Qb3 Qb8 17. a3 Rc8 18. Nd2 a6 19. Bf1 Ne8 20. Na2 Qb7 21. Nc4 Rab8
22. Na5 Qa8 23. Nb4 Rxc1 24. Rxc1 Rc8 25. Nbc6 Kh8 26. a4 bxa4 27. Qb6 Bxc6 28.
Nxc6 Nd7 29. Qxa6 f5 30. Ra1 Nef6 31. Qb5 Rf8 32. Rxa4 Qe8 33. exf5 gxf5 34.
Qd3 Qh5 35. Ne7 e4 36. Qe2 Qf7 37. Nxf5 Qxd5 38. Nxg7 Kxg7 39. Ra7 Rf7 40. Qb5
Ne5 41. Rxf7+ Qxf7 42. Be2 Qd5 43. Qxd5 Nxd5 44. Bd4 Kf6 45. f4 exf3 46. Bxf3
Nb4 47. Kf2 Ke6 48. Be4 h6 49. Bc3 d5 50. Bxb4 dxe4 51. Bc3 Nc4 52. g4 Nb6 53.
Ke3 Kd5 54. Bg7 Nc4+ 55. Kf4 Nd6 56. Bxh6 Kd4 57. Bf8 Nc4 58. b4 Kd3 59. Bc5
Nd2 60. g5 Nb3 61. g6 1-0

[Event "35. Torneo Internacional La Roda "]
[Site "La Roda ESP"]
[Date "2008.03.20"]
[Round "3.6"]
[White "Antoli Royo, Joaquin Miguel"]
[Black "Mirzoev, Azer"]
[Result "1/2-1/2"]
[WhiteElo "2350"]
[BlackElo "2518"]
[PlyCount "101"]
[EventDate "2008.03.19"]
[EventType "swiss"]
[EventRounds "9"]
[EventCountry "ESP"]
[Source "lmi"]
[SourceDate "2008.03.19"]

1. e4 e5 2. Nf3 Nc6 3. Bb5 a6 4. Ba4 d6 5. d4 Bd7 6. dxe5 dxe5 7. O-O Nf6 8.
Nc3 Bd6 9. Re1 h6 10. Nd5 O-O 11. Nb6 cxb6 12. Qxd6 b5 13. Bb3 Bg4 14. Qxd8
Rfxd8 15. Nd2 Nd4 16. f3 Be6 17. c3 Nxb3 18. Nxb3 Nd7 19. Be3 a5 20. Rad1 Rdc8
21. Rd2 a4 22. Nc1 a3 23. Red1 Nf8 24. Kf2 f6 25. bxa3 Rxa3 26. Rb2 Bc4 27. Rd6
Rxc3 28. Nb3 Bxb3 29. axb3 Ng6 30. g3 Rc2+ 31. Rxc2 Rxc2+ 32. Rd2 Rc3 33. b4
Rb3 34. Bc5 b6 35. Bd6 Nf8 36. f4 Ne6 37. fxe5 fxe5 38. Rd5 Rb2+ 39. Ke3 Rxh2
40. Rxe5 Kf7 41. Rxb5 Rb2 42. Rxb6 Rb3+ 43. Ke2 h5 44. Rb7+ Kf6 45. Kf2 g5 46.
b5 h4 47. gxh4 gxh4 48. Be7+ Ke5 49. Bxh4 Kxe4 50. Be7 Kd5 51. Rd7+ 1/2-1/2

[Event "35. Torneo Internacional La Roda "]
[Site "La Roda ESP"]
[Date "2008.03.20"]
[Round "3.7"]
[White "Corrales Jimenez, Fidel"]
[Black "Fernandez Siles, Luis"]
[Result "1-0"]
[WhiteElo "2509"]
[BlackElo "2333"]
[PlyCount "81"]
[EventDate "2008.03.19"]
[EventType "swiss"]
[EventRounds "9"]
[EventCountry "ESP"]
[Source "lmi"]
[SourceDate "2008.03.19"]

1. e4 e5 2. Nf3 Nc6 3. d4 exd4 4. Nxd4 Bc5 5. Be3 Qf6 6. Nb5 Bxe3 7. fxe3 Qh4+
8. g3 Qd8 9. Qg4 g5 10. N1c3 d6 11. Qe2 a6 12. Nd4 Ne5 13. Qg2 Ne7 14. Be2 c5
15. Nf3 N7c6 16. O-O-O Be6 17. Rd2 Qe7 18. Nd4 cxd4 19. exd4 Nc4 20. Bxc4 Bxc4
21. b3 Be6 22. d5 Ne5 23. dxe6 fxe6 24. Na4 b5 25. Nb2 O-O 26. Rhd1 Rad8 27.
Nd3 Nxd3+ 28. Rxd3 Qf6 29. Kb1 Qe5 30. Qd2 Qxe4 31. Qxg5+ Qg6 32. Qxg6+ hxg6
33. Rxd6 Rxd6 34. Rxd6 Rf1+ 35. Kb2 Kf7 36. Rxa6 Rf2 37. Rb6 Rxh2 38. Rxb5 Rg2
39. a4 Rxg3 40. a5 Rh3 41. Rb8 1-0

[Event "35. Torneo Internacional La Roda "]
[Site "La Roda ESP"]
[Date "2008.03.20"]
[Round "3.8"]
[White "Adel Lahchaichi, Oussama"]
[Black "Almeida Quintana, Omar"]
[Result "0-1"]
[WhiteElo "2340"]
[BlackElo "2500"]
[PlyCount "60"]
[EventDate "2008.03.19"]
[EventType "swiss"]
[EventRounds "9"]
[EventCountry "ESP"]
[Source "lmi"]
[SourceDate "2008.03.19"]

1. c4 c5 2. g3 g6 3. Bg2 Bg7 4. Nc3 Nc6 5. a3 a5 6. Nf3 e5 7. d3 Nge7 8. O-O
O-O 9. Bg5 f6 10. Be3 d6 11. Rb1 Be6 12. Ne1 Rb8 13. Nc2 b6 14. Nd5 b5 15. b4
bxc4 16. dxc4 axb4 17. axb4 cxb4 18. Qd2 b3 19. Na3 Kh8 20. Nb5 Na5 21. Na3
Nec6 22. Rfc1 f5 23. Bh6 Bxh6 24. Qxh6 f4 25. gxf4 Nd4 26. Rb2 Bxd5 27. cxd5
Rxf4 28. Qh3 Nf5 29. Rc3 Ra4 30. Nb1 Ra2 0-1

[Event "35. Torneo Internacional La Roda "]
[Site "La Roda ESP"]
[Date "2008.03.20"]
[Round "3.9"]
[White "Hernandez, Ivan"]
[Black "Ibarra Jerez, Jose Carlos"]
[Result "1/2-1/2"]
[WhiteElo "2314"]
[BlackElo "2493"]
[PlyCount "56"]
[EventDate "2008.03.19"]
[EventType "swiss"]
[EventRounds "9"]
[EventCountry "ESP"]
[Source "lmi"]
[SourceDate "2008.03.19"]

1. d4 Nf6 2. Nf3 g6 3. c4 d6 4. Nc3 Bf5 5. Qb3 Qc8 6. g3 Bg7 7. Bg2 Nc6 8. O-O
O-O 9. Bg5 h6 10. Bd2 e5 11. dxe5 dxe5 12. Nd5 Nd7 13. Bc3 Re8 14. Qd1 a5 15.
Nd2 Nc5 16. e4 Bg4 17. f3 Bd7 18. f4 f5 19. fxe5 Nxe5 20. Nf3 Ncd3 21. Nxe5
Nxe5 22. Kh1 Ra6 23. b3 fxe4 24. Qe2 Bf5 25. Bxe4 Bh3 26. Bg2 a4 27. Rae1 axb3
28. axb3 Bxg2+ 1/2-1/2

[Event "35. Torneo Internacional La Roda "]
[Site "La Roda ESP"]
[Date "2008.03.20"]
[Round "3.10"]
[White "Sanchez, Joseph"]
[Black "Rabadan Velasco, Raul"]
[Result "1-0"]
[WhiteElo "2492"]
[BlackElo "2304"]
[PlyCount "107"]
[EventDate "2008.03.19"]
[EventType "swiss"]
[EventRounds "9"]
[EventCountry "ESP"]
[Source "lmi"]
[SourceDate "2008.03.19"]

1. e4 c5 2. Nf3 d6 3. d4 cxd4 4. Nxd4 Nf6 5. Nc3 a6 6. Be3 e6 7. g4 e5 8. Nf5
h5 9. g5 Nxe4 10. Nxg7+ Bxg7 11. Nxe4 d5 12. Ng3 d4 13. Bd2 Qd5 14. c4 dxc3 15.
Bxc3 Be6 16. Qxd5 Bxd5 17. Rg1 Nc6 18. Be2 O-O-O 19. Nxh5 Bf8 20. O-O-O Bc5 21.
Bg4+ Kc7 22. b3 Bxf2 23. Rgf1 Be3+ 24. Bd2 Bd4 25. Rde1 a5 26. Re2 a4 27. Nf6
axb3 28. Nxd5+ Rxd5 29. axb3 Ra8 30. Rxf7+ Kb6 31. b4 Ra1+ 32. Kc2 e4 33. Rd7
Rxd7 34. Bxd7 Ra2+ 35. Kd1 Ra1+ 36. Bc1 Ne5 37. Rxe4 Bb2 38. Kc2 Bxc1 39. Rxe5
Bf4 40. Rb5+ Kc7 41. Bg4 Ra2+ 42. Kd3 Rxh2 43. Ke4 Bd2 44. g6 Bh6 45. Rd5 Rb2
46. Rd4 Kb6 47. Kd5 Bf8 48. Rf4 Bh6 49. Re4 Bf8 50. Be2 Rb3 51. Ke6 Ra3 52. Kd7
Bh6 53. Rh4 Bg5 54. Rg4 1-0

[Event "35. Torneo Internacional La Roda "]
[Site "La Roda ESP"]
[Date "2008.03.20"]
[Round "3.11"]
[White "Cabrera, Alexis"]
[Black "Gavilan Diaz, Mario"]
[Result "1-0"]
[WhiteElo "2491"]
[BlackElo "2280"]
[PlyCount "101"]
[EventDate "2008.03.19"]
[EventType "swiss"]
[EventRounds "9"]
[EventCountry "ESP"]
[Source "lmi"]
[SourceDate "2008.03.19"]

1. e4 c5 2. Nf3 d6 3. d4 cxd4 4. Nxd4 Nf6 5. Nc3 a6 6. g3 e5 7. Nb3 Be7 8. Bg2
O-O 9. O-O Be6 10. Re1 b5 11. a4 b4 12. Nd5 Bxd5 13. exd5 Nbd7 14. a5 Qc7 15.
Bd2 Rab8 16. Nd4 exd4 17. Rxe7 Qc5 18. Bf4 Rfe8 19. Rxe8+ Rxe8 20. Qd3 Ne5 21.
Qxa6 Qxc2 22. Qf1 Nd3 23. Bxd6 Ng4 24. a6 Ndxf2 25. h4 Nh3+ 26. Kh1 Nhf2+ 27.
Kg1 Nh3+ 28. Kh1 g5 29. a7 Nhf2+ 30. Kg1 Ra8 31. Bf3 gxh4 32. Bxg4 Nxg4 33.
gxh4 Ne3 34. Qf3 f6 35. Kh1 Qf5 36. Qxf5 Nxf5 37. Bxb4 Kf7 38. Bc5 d3 39. Kg2
Nxh4+ 40. Kf2 Nf5 41. b4 Ne7 42. Bxe7 Kxe7 43. b5 Kd7 44. b6 Kc8 45. d6 Kb7 46.
d7 d2 47. Ke2 h5 48. Rd1 Rd8 49. Rxd2 h4 50. Ra2 Ka8 51. b7+ 1-0